Assessment of heavy metal status in soil of different industrial areas in narayanganj district / (Record no. 15573)

MARC details
000 -LEADER
fixed length control field 00969nam a22002657a 4500
003 - CONTROL NUMBER IDENTIFIER
control field BD-DhSAU
005 - DATE AND TIME OF LATEST TRANSACTION
control field 20211018123635.0
008 - FIXED-LENGTH DATA ELEMENTS--GENERAL INFORMATION
fixed length control field 210929b |||||||| |||| 00| 0 eng d
040 ## - CATALOGING SOURCE
Original cataloging agency BD-DhSAU
082 ## - DEWEY DECIMAL CLASSIFICATION NUMBER
Edition number 22
Classification number 634.9
Item number M2788
100 ## - MAIN ENTRY--PERSONAL NAME
Personal name MAHMUD, MD. MANIK
Relator term Registration No.:# 13-05413
245 ## - TITLE STATEMENT
Title Assessment of heavy metal status in soil of<br/>different industrial areas in narayanganj <br/>district /<br/>
Remainder of title Ms Thesis
260 ## - PUBLICATION, DISTRIBUTION, ETC. (IMPRINT)
Place of publication, distribution, etc. Sher-e-Bangla Agricultural University Dhaka 1207;
Name of publisher, distributor, etc. Department of Agroforesty and Environmental Science;
Date of publication, distribution, etc. 2020;
300 ## - PHYSICAL DESCRIPTION
Extent ix;
Other physical details 59p.;
Dimensions 30cm.;
500 ## - GENERAL NOTE
General note Including Index.;
590 ## - Name of Cataloguer
Name of Cataloger nazmul
600 ## - SUBJECT ADDED ENTRY--PERSONAL NAME
Fuller form of name metal status
610 ## - SUBJECT ADDED ENTRY--CORPORATE NAME
Corporate name or jurisdiction name as entry element soil
650 ## - SUBJECT ADDED ENTRY--TOPICAL TERM
Topical term or geographic name as entry element industrial areas
651 ## - SUBJECT ADDED ENTRY--GEOGRAPHIC NAME
Geographic name narayanganj district
700 ## - ADDED ENTRY--PERSONAL NAME
Personal name ABDUL HALIM
Relator term Supervisor
710 ## - ADDED ENTRY--CORPORATE NAME
Corporate name or jurisdiction name as entry element DR. JUBAYER-AL-MAHMUD
Relator term Co-Supervisor
856 ## - ELECTRONIC LOCATION AND ACCESS
Link text Online Access
Uniform Resource Identifier <a href="http://archive.saulibrary.edu.bd:8080/xmlui/handle/123456789/3441">http://archive.saulibrary.edu.bd:8080/xmlui/handle/123456789/3441</a>
942 ## - ADDED ENTRY ELEMENTS (KOHA)
Source of classification or shelving scheme Dewey Decimal Classification
Koha item type MS Level Thesis
Holdings
Withdrawn status Lost status Source of classification or shelving scheme Damaged status Not for loan Home library Branch Name Shelving location Date acquired Total Checkouts Full call number Barcode Date last seen Price effective from Koha item type
    Dewey Decimal Classification   Not For Loan SAU Library SAU Library Reference 18/10/2021   634.9 M2788 42947 18/10/2021 18/10/2021 MS Level Thesis